000 00581nam a2200217Ia 4500
005 20250923145954.0
008 008 250917s9999 xx 000 0 eng d
037 _aTextual
040 _aDSWL
_beng
_cDSWL
041 _aeng
_2eng
084 _aL:55.2, N79
_qDSWL
100 _aJaggi, O.P.
_9840874
245 0 _aPublic Health and Its Administration
_c by O.P. Jaggi
260 _aDelhi
_bAtma Ram & Sons
_c1979
300 _axi,282 p.
365 _bGift
490 _vVol. 14
925 _gGift
942 _cTEXL
_hL:55.2, N79
999 _c1457989
_d1457989